Asphalt 8 Car Quiz - Statistics

General Stats
  • This quiz has been taken 101 times
    96 since last reset
  • The average score is 61 of 307
Answer Stats
Update Class Make Model % Correct
Fuel Events C Ford GT
66%
Showdown A Ford GT
66%
Spring 2018 B Apollo N
66%
Tenerife A Lamborghini Aventador Coupe
62%
R&D A Cadillac 16 Concept
55%
Elite Cars D Mazda 6
55%
Winter 2014 D Acura NSX
55%
Seventh Anniversary S Bugatti Chiron
48%
Release B Lamborghini Veneno
48%
Release A Koenigsegg Agera R
45%
Release D Lamborghini Urus
45%
Release D Cadillac ATS
41%
Holiday 2019 S Koenigsegg Jesko
41%
Tenerife D BMW M3 Sedan
41%
San Diego Harbor S Koenigsegg One:1
41%
The Great Wall B McLaren P1
41%
Release C Lamborghini Countach 25th Anniversary
38%
Release D Dodge Dart GT
38%
Release C Aston Martin DB9 Coupe
38%
Championship C BMW M2
38%
Release D Alfa Romeo MiTo GTA
38%
Fuel Events D Ford Mustang
38%
Spring 2020 S Aspark Owl
38%
Release D Audi R8 e-tron
38%
Showdown S Koenigsegg Regera
38%
Release C DS Survolt
38%
Lunar New Year 2016 D Alfa Romeo 4C
34%
Release C Alfa Romeo 8C Competizione
34%
Championship S Arash AF10
34%
Christmas 2020 S Bugatti Divo
34%
San Diego Harbor B Savage Rivale GTR
34%
R&D B Lamborghini Huracan
34%
Daily Bonus B Ferrari LaFerrari
34%
Tenerife D BMW M1
34%
Free to Play C BMW M6
34%
Release A Mercedes Benz Silver Lightning
34%
Release D Audi TTS Coupe
34%
The Great Wall A SSC Tuatara
34%
Fuel Events A Hennessey Venom GT
34%
Championship S Aston Martin Vulcan
34%
Release D Cadillac XTS
34%
Release C Cadillac CTS-V Coupe Race Car
31%
Release C Lotus Exige Coupe
31%
Spring 2018 S Apollo Intensa Emozione
31%
San Diego Harbor B Maserati MC12
31%
Lunar New Year 2016 C Lamborghini Miura
31%
Release D Tesla Model S
31%
Release D Audi S4
31%
Release B Lamborghini Sesto Elemento
31%
Release B GTA Spano
31%
Rio de Janeiro A GTA Spano
31%
Halloween 2020 S Aston Martin Valhalla
31%
Showdown B Aston Martin Vantage
31%
Release A Bugatti 16.4 Grand Sport Vitesse
28%
Car Mastery C Datsun 280Z
28%
Lunar New Year 2017 S Lamborghini Aventador SV
28%
Rio de Janeiro B BXR Bailey Blade GT1
28%
Release D Chevrolet Camaro GS
28%
Lunar New Year 2016 S Chevrolet Camaro SS
28%
Decals A Ferrari Enzo
28%
Spring 2020 D DS E-Tense
28%
Lunar New Year 2020 A Lotus Evija
28%
Decals B Ferrari F50
28%
Release A Ferrari FXX Evoluzione
28%
Halloween 2019 S Ferrari FXX K
28%
Winter 2014 B Arrinera Hussarya
28%
Spring 2021 S Bugatti La Voiture Noire
28%
Fuel Events A Chrysler ME-412
28%
Santa's Gift S TRION NEMESIS
28%
Elite Cars D Mazda RX-8
28%
Halloween 2018 B Mercedes Benz SLS AMG Coupe Black Series
28%
Release B Pagani Zonda R
28%
Release C Ferrari 458 Italia
24%
Halloween 2018 S Ferrari 488 Pista
24%
Fifth Anniversary A McLaren 720S
24%
Porsche Update B Porsche 911 GT3 RS
24%
Porsche Update A Porsche 918 Spyder with Weissach Package
24%
Christmas 2020 S Koenigsegg Agera RS
24%
Sixth Anniversary S Lamborghini Aventador SVJ
24%
Dubai B Mercedes Benz Biome
24%
Winter 2014 B Rimac Concept One
24%
Release C Chevrolet Corvette C7
24%
Seventh Anniversary A Chevrolet Corvette ZR1
24%
Rio de Janeiro D Donkervoort D8 GTO
24%
Santa's Gift B Mazzanti Evantra
24%
Release B Ferrari F12 Berlinetta
24%
Decals C Ferrari F40
24%
San Diego Harbor D Mazda Furai
24%
Enduro B Mercedes AMG GT3
24%
Santa's Gift A Mosler GT3
24%
Winter 2014 A 9FF GT9 VMAX
24%
Lunar New Year 2020 B Drako GTE
24%
Daily Bonus B Pagani Huayra
24%
Fast Lane B BMW i8 Coupe
24%
Lunar New Year 2017 D Chevrolet Impala
24%
R&D B Kepler Motion
24%
Sixth Anniversary B Acura NSX GT3 Evo
24%
Rio de Janeiro A Aston Martin One-77
24%
Car Mastery S McLaren P1 GTR
24%
Fall Out Boy B Audi R8 e-tron Special Edition
24%
Santa's Gift C Land Rover Range Rover Coupe HSE Dynamic
24%
Fall Out Boy C Buick Riviera
24%
Release C Audi RS4 Avant
24%
Multiplayer League B TVR Sagaris
24%
Elite Cars S Devel Sixteen Prototype
24%
Car Blueprint C Sbarro Sparta
24%
Spring 2021 S McLaren Speedtail
24%
Car Mastery B Chevrolet SS
24%
Release C Aston Martin V12 Vantage
24%
Holiday 2019 A Italdesign Zerouno
24%
Release D Nissan 370Z
21%
Car Mastery C AC 378 GT Z
21%
Santa's Gift B McLaren 570S
21%
Porsche Update D Porsche 959
21%
Lunar New Year 2021 S BXR Bailey Blade GT1 Special Edition
21%
Hot Wheels C Hot Wheels Bone Shaker
21%
Winter 2014 C Felino cB7
21%
The Great Wall C Dodge Challenger SRT8
21%
Showdown A Bentley Continental GT3
21%
Release C Bentley Continental GT V8
21%
Championship B Bentley Continental Supersports
21%
Seventh Anniversary B Chevrolet Corvette Stingray
21%
Multiplayer League B Falcon F7
21%
Enduro A Weber Faster One
21%
Wild Cards D Chrysler Firepower
21%
Release D Ford Focus RS
21%
Dubai C Jaguar F-Type R
21%
Release D Infiniti FX50
21%
Rio de Janeiro C Mercedes Benz GLC Coupe
21%
Munich S Arrinera Hussarya GT
21%
R&D D Mitsubishi Lancer Evolution X
21%
Daily Bonus A W Motors Lykan HyperSport
21%
Fall Out Boy B BMW M2 Special Edition
21%
San Diego Harbor A Peugeot Onyx
21%
Enduro D nanoFlowcell QUANTINO
21%
Tenerife C Audi R8 LMS Ultra
21%
Hot Wheels D Hot Wheels Rip Rod
21%
Santa's Gift D Honda S2000
21%
Release D Mercedes Benz SLS AMG Electric Drive
21%
Sixth Anniversary S Lamborghini Terzo Millennio
21%
The Great Wall C Ferrari Testarossa
21%
Lunar New Year 2016 C ED Design Torq
21%
Release C Aston Martin V12 Zagato
21%
Winter 2014 B Volkswagen W12
21%
Asphalt Moments S McLaren X2
21%
Lunar New Year 2016 B Rinspeed zaZen
21%
Fifth Anniversary B SCG 003S
17%
Winter 2014 D Ferrari 308 GTS
17%
Elite Cars S BMW 3.0 CSL Hommage
17%
Santa's Gift D DS 3 Racing
17%
Daily Bonus B Ferrari 599XX
17%
Car Mastery A McLaren 675LT
17%
Halloween 2019 A Ferrari 812 Superfast
17%
Fall Out Boy D Ariel Atom V8
17%
Lunar New Year 2017 D Buick Avista Concept
17%
Asphalt Moments A Rezvani Beast Alpha
17%
Car Mastery D Chevrolet Camaro Z/28
17%
Fifth Anniversary B Porsche Carrera GT
17%
Spring 2021 S Bugatti Chiron Sport 110 Ans
17%
Munich D Honda Civic Type R
17%
Multiplayer League D Chevrolet Corvette C3
17%
Car Blueprint A Chevrolet Corvette Grand Sport
17%
Lunar New Year 2016 B Holden Coupe 60
17%
Fuel Events B Jaguar C-X75
17%
Winter 2014 D Renault DeZir
17%
Elite Cars C Mitsubishi Eclipse
17%
Santa's Gift A Lamborghini Egoista
17%
Spring 2021 A Ferrari F8 Tributo
17%
Fuel Events B Ferrari FF
17%
Car Mastery D Geely GC9
17%
Multiplayer League A DS GT by Citroen
17%
Car Blueprint B Ferrari GTC4Lusso
17%
Dubai B Nissan GT-R NISMO
17%
Release C Nissan GT-R (R35)
17%
Hot Wheels S Pagani Huayra BC
17%
Halloween 2019 C Volkswagen I.D. R
17%
Championship S Mosler Land Shark
17%
Car Blueprint A SIN R1
17%
Release B RUF RT 12 S
17%
Asphalt Moments B Mazda RX-8 Special Edition
17%
Lunar New Year 2020 S McLaren Senna
17%
Spring 2020 A Ferrari SF90 Stradale
17%
Santa's Gift B Nissan Skyline GT-R (R34)
17%
Spring 2018 B Zenvo ST1
17%
Wild Cards S TORINO DESIGN Super Sport
17%
Halloween 2020 S Dodge Tomahawk
17%
Hot Wheels C Renault Trezor
17%
Hot Wheels C Hot Wheels Twin Mill
17%
Munich D Despicable Me Villain Wheels
17%
Christmas 2020 B Exotic Rides W70
17%
Release B McLaren 12C Spider
14%
Decals A Ferrari 330 P4
14%
Spring 2019 S McLaren 600LT
14%
Lunar New Year 2017 C Renault Alpine Celebration
14%
Santa's Gift B Lamborghini Asterion
14%
Rio de Janeiro C Cadillac ATS-V Coupe
14%
Spring 2019 A Rezvani Beast X
14%
Spring 2019 B Spyker C8 Preliator
14%
Porsche Update C Porsche Cayman GT4
14%
Asphalt Moments A Rimac Concept S
14%
Release D Mini Cooper S
14%
Release B RUF CTR 3
14%
Sixth Anniversary S Rimac C_Two
14%
Lunar New Year 2021 D Italdesign DaVinci
14%
Halloween 2019 A Aston Martin DBS Superleggera
14%
Holiday 2019 D Lotus Elise Cup 260
14%
Lunar New Year 2016 B Lamborghini Estoque
14%
Free to Play C Lotus Evora Enduro GT
14%
Car Blueprint B Lotus Evora Sport 410
14%
R&D A Bentley EXP10 Speed 6
14%
The Great Wall D Ford F-150
14%
Rio de Janeiro S W Motors Fenyr SuperSport
14%
Release C Maserati GranTurismo Sport
14%
Asphalt Moments C Sbarro GT1
14%
Spring 2019 C Pininfarina H2 Speed
14%
Halloween 2018 D Hyundai i30 N
14%
Elite Cars C Honda Integra Type-R
14%
Enduro D Nissan Juke NISMO
14%
Halloween 2020 B BMW M4 GTS
14%
Championship A McLaren-Mercedes MP4-25
14%
Car Blueprint S McLaren MP4-31
14%
Showdown D Infiniti Project Black S
14%
Lunar New Year 2020 A Infiniti Project Black S Special Edition
14%
Enduro A nanoFlowcell QUANT FE
14%
Motorcycles D Peugeot RCZ R
14%
Release D Audi RS3 Sportback
14%
Holiday 2018 A TVR Sagaris Special Edition
14%
Tenerife B ONUK Sazan LM
14%
Fifteenth Anniversary S Lamborghini Sian FKP 37
14%
Elite Cars S Mosler Super GT
14%
Dubai A SSC Ultimate Aero XT
14%
Enduro A Jaguar XJ220S
14%
Winter 2014 B Tramontana XTR
14%
Lunar New Year 2021 B Ferrari 488 Challenge Evo
10%
Lunar New Year 2021 B Ferrari 599XX Evo
10%
Decals C Ferrari 612 Scaglietti
10%
Porsche Update C Porsche 718 Boxster S
10%
Halloween 2020 C Morgan Aero GT
10%
Lunar New Year 2016 A Sbarro Alcador
10%
Fifth Anniversary C Maserati Alfieri
10%
Showdown S Koenigsegg CCXR Trevita
10%
Car Mastery B Shelby Cobra 427
10%
Fall Out Boy A Vanda Electrics Dendrobium
10%
Fast Lane A Ferrari F60 America
10%
Enduro C Jaguar F-Type Project 7
10%
Formula E B Formula E Gen2
10%
Tenerife C Volkswagen Golf Design Vision GTI
10%
Lunar New Year 2021 A Ferrari LaFerrari Aperta
10%
Championship C McLaren M14A
10%
Lunar New Year 2017 B McLaren MP4/8
10%
Holiday 2018 B Lamborghini Murcielago LP 640
10%
Spring 2018 C Vencer Sarthe
10%
Release B Ford Shelby GT500
10%
Santa's Gift B Peugeot SR1
10%
Wild Cards C Porsche Taycan Turbo S
10%
Asphalt Moments S Zenvo TS1 GT 10th Anniversary Edition
10%
Release C Dodge Viper SRT10 ACR-X
10%
Holiday 2018 S Infiniti Vision GT
10%
Munich D Kawasaki Z800
10%
Motorcycles D KTM 1290 Super Duke R
7%
Holiday 2018 C Nissan 370Z Special Edition
7%
Spring 2019 C Equus Bass 770
7%
Lunar New Year 2016 D Volkswagen Beetle Turbo
7%
Enduro A Mercedes AMG C 63 Coupe Touring Car
7%
Winter 2014 B Spada Codatronca TSS
7%
Daily Bonus C Lamborghini Gallardo LP 560-4
7%
Multiplayer League D Alfa Romeo Giulietta Veloce
7%
Motorcycles B Suzuki Hayabusa
7%
Winter 2014 B Lucra L148
7%
Spring 2018 S Kawasaki Ninja H2R
7%
Santa's Gift D Mercedes Benz SLK 55 AMG
7%
Lunar New Year 2017 S Mercedes Benz SLK 55 AMG Special Edition
7%
Motorcycles A Mercedes Benz SLR McLaren 722 Edition
7%
Sixth Anniversary D Pontiac Solstice GXP
7%
Santa's Gift S Renault Sport R.S. 01
7%
Motorcycles C Ducati SuperSport S
7%
Santa's Gift C Toyota Supra RZ (Mark IV)
7%
Formula E D KTM X-Bow GT4
7%
Halloween 2020 B Jaguar XKR-S GT
7%
Munich B McLaren 650S GT3
3%
Summer 2020 B Porsche 718 Cayman GT4 Clubsport
3%
Holiday 2018 S Lamborghini Centenario LP 770-4
3%
Fuel Events B Mercedes Benz CLK GTR AMG
3%
Seventh Anniversary S Mazzanti Evantra Millecavalli
3%
Santa's Gift A McLaren F1 XP-5
3%
Motorcycles D Suzuki GSX-R750
3%
R&D D Subaru Impreza WRX STI
3%
Christmas 2020 D Nissan Leaf NISMO RC
3%
Tenerife S HTT Plethore LC 750
3%
Dubai B Savage Rivale Roadyacht GTS
3%
Hot Wheels B BMW S 1000 RR
3%
Release C Mercedes Benz SL65 AMG Black Series
3%
Fuel Events C Mercedes Benz SLS AMG GT Coupe Final Edition
3%
Fifth Anniversary A Aprilia Tuono V4 1100 RR
3%
Fast Lane S Zeus Twelve Sigma
3%
Spring 2018 B Ducati XDiavel S
3%
Spring 2021 D Renault ZOE e-Sport Concept
3%
Halloween 2018 S MV Agusta F4 1000 R
0%
Multiplayer League C Mercedes Benz CLA 45 AMG Racing Series
0%
Free to Play D Renault CLIO R.S. 200 EDC
0%
Free to Play C Ferrari F430 Scuderia
0%
Fall Out Boy C Yamaha FZ-10
0%
Holiday 2018 S Lightning LS-218
0%
Motorcycles C Ducati Monster S
0%
Fast Lane B Porsche Panamera Sport Turismo
0%
Multiplayer League A Icona Vulcano V12 Hybrid
0%
Fall Out Boy C Yamaha YZF-R6
0%
No matching quizzes found
Score Distribution
Percent of People with Each Score
Percentile by Number Answered
Your Score History
You have not taken this quiz since the last reset